План и таблицы вычисления угодий пустоши Плоскова владения казённых крестьян деревни Дрюновщина в Шахновской волости Новоладожск...

Доступно только в Электронных читальных залах Найти на картеНа карте
RUSMARC
00003718nmc2a22000003x 450
00163604a7b-f028-425d-85d4-1cf7aaf22839
00520210224135937.0
100##$a20181205l18381859k l0rusy0189 ca
1010#$arus
102##$aRU
2001#$aПлан и таблицы вычисления угодий пустоши Плоскова владения казённых крестьян деревни Дрюновщина в Шахновской волости Новоладожского уезда Санкт-Петербургской губернии
$j1838 г.; 1858 г.; 1859 г.
251##$cДело
801#0$aRU
$bРГИА
$c20181205
$gRCR
801#1$aRU
$bГлавНИВЦ
$c20181205
$2rusmarc
801#2$aRU
$bПБ им. Б.Н. Ельцина
$c20210224
$gRCR
$2rusmarc
850##$aРГИА
852##$aРГИА
$eФедеральное казенное учреждение "Российский государственный исторический архив" (РГИА)
$j483
937##$hРГИА
$d12277879
$aASBIBLIO_SCAN
462#0$1001c9a41435-d21c-4ba9-a75c-9547afdd7617
$12001
$aКарты и планы казенных и частных земель и лесов по Санкт-Петербургской губернии
$1251
$cОпись
$1852
$j29
461#0$100126e99e9d-b562-464e-a273-fbb2bdfe5ec7
$12001
$aПлановый архив Министерства земледелия (1837-1918)
$1251
$cФонд
$1852
$j380
215##$a4 л.
$cплан.; табл.
$d75х55 см
371##$aДокумент не является опубликованным и широко распространяемым
105##$aea##
1221#$ad
035##$a63604a7b-f028-425d-85d4-1cf7aaf22839
856##$uhttp://readingroom.main.prlib.ru/item.aspx?id_node=n157755424&mode=full
Формат отображения